Respuesta sísmica en la componente longitudinal del Banco Nacional de Costa Rica
Guardado en:
| Hovedforfatter: | |
|---|---|
| Format: | Bog |
| Udgivet: |
San José, C.R.
1998
|
| Fag: | |
| Tags: |
Tilføj Tag
Ingen Tags, Vær først til at tagge denne postø!
|
MARC
| LEADER | 00000nam a2200000Ia 4500 | ||
|---|---|---|---|
| 001 | 3831 | ||
| 003 | 008447 | ||
| 005 | 20221231144224.0 | ||
| 008 | 140114s1998 cr a m 000 ||s d | ||
| 040 | |c cru CEDI | ||
| 100 | |a Castro Morales, Alfredo |9 9061 | ||
| 245 | |a Respuesta sísmica en la componente longitudinal del Banco Nacional de Costa Rica | ||
| 260 | |c 1998 |a San José, C.R. | ||
| 300 | |a 108 páginas : ilustraciones | ||
| 500 | |a Tesis ( licenciatura en ingeniería civil)--Universidad de Costa Rica. Facultad de Ingeniería. Escuela de Ingeniería Civil | ||
| 650 | |x DINAMICA DE ESTRUCTURAS |x OSCILACIONES |x CONSTRUCCIONES ANTISISMICAS |x ANALISIS |9 9062 | ||
| 942 | |c TFG | ||
| 999 | |c 18657 |d 18657 | ||
